Pays ou il y a le plus de Berbères (Imazighen - Statistiques

Statistiques générales
  • Ce quiz a été pris 701 fois
  • Le résultat moyen est 9 sur 12
Statistiques - réponses
Nombre Pays % Correct
Entre 12 000 000 et 15 000 000 Algérie
100%
Entre 15 000 000 et 20 000 000 Maroc
100%
50 000 Tunisie
98%
607 000 Libye
86%
650 000 Mauritanie
86%
50 000 Égypte
85%
+ 2 000 000 France
80%
800 000 Mali
79%
800 000 Niger
67%
1 100 000 Pays Bas/Belgique
50%
25 885 Canada
37%
25 000 Burkina Faso
24%
Aucun quiz correspondant
Distribution des résultats
% des personnes avec chaque résultat
Percentile par nombre de réponses
Votre historique - résultats
Vous n’avez pas pris ce quiz